REPO (game) - All Monsters - Statistics

General Stats
  • This quiz has been taken 201 times
  • The average score is 11 of 19
Answer Stats
Answer % Correct
Headman
84%
Gnome
79%
Robe
76%
Huntsman
74%
Clown
71%
Apex Predator
68%
Animal
67%
Reaper
64%
Chef
61%
Trudge
61%
Rugrat
58%
Bowtie
56%
Upscream
54%
Shadow Child
51%
Hidden
50%
Mentalist
45%
Spewer
44%
Peeper
40%
Bangar
9%
No matching quizzes found
Score Distribution
Percent of People with Each Score
Percentile by Number Answered
Your Score History
You have not taken this quiz